000 00939nam a22002417a 4500
005 20130709150431.0
010 _aENG-104417
020 _a9788121935203
_c340.00
020 _a8121935202
_c340.00
035 _aEN-87950
035 _aB-491889-926
037 _bDBAD/PUB
037 _bdpl
_aJanvani/Ven
082 _a485
100 _aBhardwaj, A.P.
245 0 0 _aEssential English for competitions :
_bfor IAS, PCS, HCS, HAS, RAS & CAT, MAT, SAT, CLAT, PO, AAO, NDA, CDS, GRE, IELTS, TOEFEL /
_cby A.P.Bhardwaj
260 _aNew Delhi
_bS.Chand
_c2010
270 _a7361, Ram Nagar,
_bNew Delhi
_e110055
300 _avarious pagings
_c24cm (pbk)
942 _2ddc
_cEN
_mBHA
_h485
999 _c59820
_d59820